Asi es africa /

Guardado en:
Autor Principal: Cullen, Anthony
Formato: Libro
Publicado: Buenos Aires : Ediciones Selectas, 1961
Materias:
Etiquetas: Agregar Etiqueta
Sin Etiquetas, Sea el primero en etiquetar este registro!
LEADER 00467nam a22001815a 4500
001 CEM.cems001877
005 20060215000000.0
008 130507s1961##################000#0#####d
003 CEMS
082 0 4 |a 828.9 
100 1 |a Cullen, Anthony 
245 1 0 |a Asi es africa / 
260 |a Buenos Aires :  |b Ediciones Selectas,  |c 1961 
300 |a 301 p. 
653 |a Africa 
653 |a Literatura 
653 |a Novelas 
859 |a CEMS  |b BIB. CEMS - 11 de abril  |h 828.9  |i C897  |p 4668.75  |t Ej.1